[Event "European Youth Chess Championship B18"]
[Site "Prague, Top Hotel Prague"]
[Date "2012.08.17"]
[Round "1.30"]
[White "Suchomel, Ales"]
[Black "Berchtenbreiter, Maximilian"]
[Result "0-1"]
[WhiteElo "2044"]
[BlackElo "2326"]
[PlyCount "81"]
[EventDate "2012.08.17"]

1. d4 Nf6 2. c4 c5 3. Nf3 cxd4 4. Nxd4 b6 5. Nc3 Bb7 6. Qc2 e6 7. e4 d6 8. Bd3
a6 9. O-O Qc7 10. Kh1 Be7 11. f3 O-O 12. Be3 Re8 13. Rac1 Nbd7 14. b3 Rac8 15.
Qf2 Qb8 16. Rfd1 Kh8 17. Bf1 Rg8 18. Na4 g5 19. Bd3 Bd8 20. Ne2 Bc6 21. Nac3
Ne5 22. Nd4 Ba8 23. Bb1 Rg6 24. Nde2 Bc6 25. Nd4 Bd7 26. Nce2 Bc7 27. b4 Bd8
28. Nb3 Rxc4 29. Rxc4 Nxc4 30. e5 Nxe3 31. Qxe3 Nd5 32. Rxd5 exd5 33. Bxg6 hxg6
34. exd6 Qxd6 35. Qd4+ Bf6 36. Qd2 Bb5 37. Ng3 Qe5 38. a3 Bc4 39. Nc1 Qa1 40.
Qe3 Bb2 41. h3 0-1

[Event "European Youth Chess Championship B18"]
[Site "Prague, Top Hotel Prague"]
[Date "2012.08.17"]
[Round "1.31"]
[White "Emiroglu, Cankut"]
[Black "Foster, James M"]
[Result "1/2-1/2"]
[WhiteElo "2299"]
[BlackElo "2037"]
[PlyCount "131"]
[EventDate "2012.08.17"]

1. e4 e6 2. d4 d5 3. Nd2 Nf6 4. e5 Nfd7 5. Bd3 c5 6. c3 Nc6 7. Ne2 cxd4 8. cxd4
f6 9. exf6 Nxf6 10. Nf3 Bd6 11. O-O Qc7 12. Bg5 O-O 13. Bh4 Bd7 14. Bg3 Nh5 15.
Bxd6 Qxd6 16. Ng3 Nf4 17. Re1 h6 18. Ne5 Nxe5 19. Rxe5 Rac8 20. Ne2 Qb6 21. b3
Nxd3 22. Qxd3 Qc6 23. Qe3 Qc2 24. g3 Qb2 25. Re1 Qxa2 26. Nf4 Rc2 27. Rxe6 Rxf2
28. Qxf2 Qxf2+ 29. Kxf2 Bxe6 30. Rxe6 g5 31. Re7 gxf4 32. Rxb7 fxg3+ 33. Kxg3
Rf7 34. Rb5 Rf5 35. Ra5 Rf7 36. Rxd5 Rb7 37. Kf4 Rxb3 38. Rd7 Rh3 39. Rxa7 Rxh2
40. d5 Kf8 41. Ke5 Re2+ 42. Kd6 Ke8 43. Rh7 Ra2 44. Rh8+ Kf7 45. Rh7+ Ke8 46.
Rb7 Ra1 47. Rb8+ Kf7 48. Kc7 Rc1+ 49. Kd7 h5 50. d6 h4 51. Rh8 Rc4 52. Kd8 Kg6
53. d7 Kg5 54. Ke7 Rd4 55. Ra8 Rxd7+ 56. Kxd7 h3 57. Ke6 Kg4 58. Ra2 Kg3 59.
Kf5 h2 60. Ra1 Kg2 61. Ra2+ Kg3 62. Ra3+ Kg2 63. Kg4 h1=Q 64. Ra2+ Kf1 65. Ra1+
Kg2 66. Ra2+ 1/2-1/2

[Event "European Youth Chess Championship B18"]
[Site "Prague, Top Hotel Prague"]
[Date "2012.08.17"]
[Round "1.32"]
[White "Scott, Gordon W"]
[Black "Ostovic, Matija"]
[Result "1/2-1/2"]
[WhiteElo "2026"]
[BlackElo "2290"]
[PlyCount "81"]
[EventDate "2012.08.17"]

1. Nf3 Nf6 2. c4 c6 3. d4 d5 4. Nc3 a6 5. c5 g6 6. h3 Bg7 7. Bf4 O-O 8. e3 Nbd7
9. Be2 Ne8 10. O-O f6 11. e4 e6 12. Re1 b6 13. exd5 exd5 14. cxb6 Nxb6 15. Rc1
Bd7 16. Na4 Nxa4 17. Qxa4 c5 18. Qa3 c4 19. b3 cxb3 20. Qxb3 Bf5 21. Rc5 Be6
22. Rc6 Qd7 23. Rxa6 Rxa6 24. Bxa6 Nd6 25. a4 Nc4 26. Nd2 Ra8 27. Bb5 Qf7 28.
Nxc4 dxc4 29. Qb4 Bd5 30. Bd6 Bf8 31. Bxf8 Qxf8 32. Qc5 Qxc5 33. dxc5 Rc8 34.
Rd1 c3 35. c6 Bxc6 36. Bxc6 Rxc6 37. a5 Kf7 38. Rc1 Ke6 39. a6 Rxa6 40. Rxc3
Ra1+ 41. Kh2 1/2-1/2

[Event "European Youth Chess Championship B18"]
[Site "Prague, Top Hotel Prague"]
[Date "2012.08.17"]
[Round "1.33"]
[White "Ochsner, Bjorn Moller"]
[Black "Real, Thibault"]
[Result "1-0"]
[WhiteElo "2290"]
[BlackElo "2010"]
[PlyCount "85"]
[EventDate "2012.08.17"]

1. e4 c5 2. Nf3 d6 3. d4 cxd4 4. Nxd4 Nf6 5. f3 g6 6. c4 Nc6 7. Nc3 Bg7 8. Nc2
O-O 9. Be3 Be6 10. Qd2 Re8 11. Be2 a6 12. O-O Rc8 13. Rab1 Ne5 14. b3 Qc7 15.
Rfc1 Qb8 16. Nb4 Bd7 17. Rc2 Rcd8 18. Rd1 Bc6 19. Nbd5 Ned7 20. Qc1 b6 21. Qd2
Qb7 22. Bf1 e6 23. Nb4 Nb8 24. Qf2 Nfd7 25. Rxd6 Bf8 26. Nxc6 Nxc6 27. Rdd2 Bg7
28. Na4 Rb8 29. Rc1 e5 30. Rcd1 Nd4 31. Nc3 f5 32. exf5 gxf5 33. Ne2 Nxe2+ 34.
Bxe2 Nf8 35. Rd6 f4 36. Bxb6 Ne6 37. Bd3 Bf8 38. Be4 Qg7 39. Rxe6 Rxe6 40. Bd5
Rbe8 41. Bc5 Kh8 42. Bxe6 Rxe6 43. Rd8 1-0

[Event "European Youth Chess Championship B18"]
[Site "Prague, Top Hotel Prague"]
[Date "2012.08.17"]
[Round "1.34"]
[White "Panainte, Daniel-Iulian"]
[Black "Van Overdam, Julian"]
[Result "0-1"]
[WhiteElo "2005"]
[BlackElo "2273"]
[PlyCount "68"]
[EventDate "2012.08.17"]

1. e4 c5 2. Nf3 e6 3. Nc3 d6 4. g3 Nc6 5. Bg2 Nf6 6. O-O Be7 7. Qe2 O-O 8. d3
Qc7 9. Re1 Bd7 10. Bg5 h6 11. Bc1 Rfe8 12. b3 Nd4 13. Qd2 e5 14. Nd1 Bc6 15. c4
b5 16. Ne3 bxc4 17. bxc4 Rab8 18. Nxd4 cxd4 19. Nd5 Nxd5 20. exd5 Ba4 21. f4
exf4 22. gxf4 Bh4 23. Re4 f5 24. Re6 Bd7 25. Rxe8+ Bxe8 26. Bf3 Bf7 27. Qc2 Re8
28. Bd2 g5 29. Rb1 g4 30. Bd1 Be1 31. Bxe1 Rxe1+ 32. Kg2 Qe7 33. Qd2 Qh4 34.
Qf2 Qh3# 0-1

[Event "European Youth Chess Championship B18"]
[Site "Prague, Top Hotel Prague"]
[Date "2012.08.17"]
[Round "1.35"]
[White "Pop, Alexandru"]
[Black "Alfimov, Igor"]
[Result "1-0"]
[WhiteElo "2271"]
[BlackElo "1969"]
[PlyCount "75"]
[EventDate "2012.08.17"]

1. Nf3 Nf6 2. c4 g6 3. Nc3 d5 4. cxd5 Nxd5 5. g3 Bg7 6. Bg2 O-O 7. O-O c5 8.
Nxd5 Qxd5 9. d3 Nc6 10. Be3 Qd6 11. Rc1 Nd4 12. Bxd4 cxd4 13. Nd2 Rb8 14. Qc2
Be6 15. Qc5 Qxc5 16. Rxc5 Rfc8 17. Rfc1 Bh6 18. Rxc8+ Rxc8 19. Rxc8+ Bxc8 20.
Nb3 e5 21. Na5 Bd2 22. Nc4 Bc1 23. b3 f6 24. Nd6 Bg4 25. f3 Be6 26. Nxb7 Bd5
27. Nd6 Kf8 28. f4 Bxg2 29. Kxg2 Ke7 30. fxe5 fxe5 31. Nc8+ Kd7 32. Nxa7 Kc7
33. a4 Kb6 34. Nb5 Kc5 35. Kf3 Bg5 36. Ke4 Bf6 37. Nc7 h5 38. b4+ 1-0

[Event "European Youth Chess Championship B18"]
[Site "Prague, Top Hotel Prague"]
[Date "2012.08.17"]
[Round "1.36"]
[White "Petras, Marian"]
[Black "Gaehwiler, Gabriel"]
[Result "0-1"]
[WhiteElo "1958"]
[BlackElo "2267"]
[PlyCount "56"]
[EventDate "2012.08.17"]

1. e4 c5 2. Nf3 d6 3. d4 cxd4 4. Nxd4 Nf6 5. Nc3 a6 6. Be3 e5 7. Nb3 Be6 8. f4
exf4 9. Bxf4 Nc6 10. Qe2 Be7 11. h3 O-O 12. O-O-O Qc7 13. a3 Ne5 14. Nd5 Bxd5
15. exd5 Nfd7 16. g4 Rfe8 17. Qf2 Rac8 18. Rh2 Bf8 19. Kb1 Nb6 20. c3 g6 21.
Be3 Nbc4 22. Bd4 Bg7 23. Qf4 Rf8 24. Rf2 Qd7 25. Bxc4 Rxc4 26. Qe4 Qb5 27. Ka2
a5 28. Nd2 Rxd4 0-1

[Event "European Youth Chess Championship B18"]
[Site "Prague, Top Hotel Prague"]
[Date "2012.08.17"]
[Round "1.38"]
[White "Archer-Lock, Adrian"]
[Black "Pagerka, Martin"]
[Result "0-1"]
[WhiteElo "1923"]
[BlackElo "2258"]
[PlyCount "70"]
[EventDate "2012.08.17"]

1. d4 Nf6 2. c4 c5 3. d5 b5 4. a4 bxc4 5. Nc3 d6 6. e4 g6 7. Bxc4 Bg7 8. Nf3
O-O 9. O-O Na6 10. Qe2 Nb4 11. Rd1 Nd7 12. Bf4 Nb6 13. Bb3 a5 14. Rac1 Ba6 15.
Nb5 Bxb5 16. axb5 a4 17. Bc4 Nxc4 18. Rxc4 Qb6 19. Rcc1 f6 20. Bd2 Rfc8 21.
Bxb4 cxb4 22. Rc6 Qa5 23. Qc4 Rcb8 24. Nd4 a3 25. bxa3 bxa3 26. Qa2 f5 27. Ne6
Rxb5 28. Rdc1 Rb2 29. Rc8+ Rxc8 30. Rxc8+ Kf7 31. Ng5+ Kf6 32. Nxh7+ Ke5 33.
Qa1 Qd2 34. Qf1 a2 35. Rc1 Qxc1 0-1

[Event "European Youth Chess Championship B18"]
[Site "Prague, Top Hotel Prague"]
[Date "2012.08.17"]
[Round "1.40"]
[White "Tahaoglu, Ugur Barkin"]
[Black "Horvat, Dan-Sebastian"]
[Result "1-0"]
[WhiteElo "1912"]
[BlackElo "2242"]
[PlyCount "53"]
[EventDate "2012.08.17"]

1. d4 d5 2. c4 c6 3. Nc3 Nf6 4. e3 a6 5. Nf3 b5 6. b3 Bg4 7. Be2 e6 8. O-O Bd6
9. Bb2 O-O 10. h3 Bh5 11. Ne5 Bxe2 12. Qxe2 Bxe5 13. dxe5 Nfd7 14. Rfd1 dxc4
15. Ne4 Qa5 16. Qh5 b4 17. bxc4 f6 18. a3 b3 19. Bc3 Qc7 20. exf6 Nxf6 21.
Nxf6+ gxf6 22. Qg4+ Kf7 23. Qh4 Nd7 24. Qxh7+ Ke8 25. Ba5 Qb7 26. Rd6 Nc5 27.
Rxe6+ 1-0

[Event "European Youth Chess Championship B18"]
[Site "Prague, Top Hotel Prague"]
[Date "2012.08.17"]
[Round "1.41"]
[White "Schreiner, Till"]
[Black "Gabovits, Ilia"]
[Result "1-0"]
[WhiteElo "2234"]
[BlackElo "1893"]
[PlyCount "89"]
[EventDate "2012.08.17"]

1. d4 Nf6 2. c4 g6 3. Nf3 Bg7 4. g3 O-O 5. Bg2 d6 6. O-O c6 7. Nc3 Bf5 8. Nh4
Be6 9. b3 d5 10. Qd3 Nbd7 11. Bb2 dxc4 12. bxc4 Nb6 13. c5 Bc4 14. Qc2 Nbd5 15.
Rfd1 e6 16. e4 Nxc3 17. Bxc3 Nd7 18. Nf3 Qe7 19. Rab1 Ba6 20. Bb4 Rfe8 21. Re1
Qf6 22. Bd2 h6 23. Bf4 g5 24. Bd6 Bf8 25. e5 Qf5 26. Qc3 Bxd6 27. exd6 f6 28.
Nd2 e5 29. Be4 Qg4 30. f3 Qh5 31. Bf5 Qf7 32. Bxd7 Qxd7 33. dxe5 fxe5 34. Rxe5
Rxe5 35. Qxe5 Re8 36. Qd4 Re2 37. Ne4 Qh3 38. Nf2 Qe6 39. h3 Qf5 40. Rb3 Re1+
41. Kh2 Re8 42. Re3 Rxe3 43. Qxe3 Qd7 44. Ng4 Kg7 45. Qd4+ 1-0

[Event "European Youth Chess Championship B18"]
[Site "Prague, Top Hotel Prague"]
[Date "2012.08.17"]
[Round "1.42"]
[White "Poska, Karolis"]
[Black "Sofranov, Velizar"]
[Result "0-1"]
[WhiteElo "1884"]
[BlackElo "2218"]
[PlyCount "88"]
[EventDate "2012.08.17"]

1. e4 e5 2. Nf3 Nc6 3. Bc4 Bc5 4. c3 Nf6 5. d3 O-O 6. Bb3 d5 7. exd5 Nxd5 8.
O-O Bg4 9. Re1 Bh5 10. Bc2 a5 11. Nbd2 Re8 12. Ne4 Bf8 13. Ng3 Bg6 14. Bg5 f6
15. Bd2 Qd7 16. Nh4 Bf7 17. Qf3 Nde7 18. Rad1 Rad8 19. Bc1 Qc8 20. Re4 Be6 21.
Bb3 Nd5 22. d4 exd4 23. Nhf5 Ne5 24. Rxe5 fxe5 25. cxd4 c6 26. Bc2 exd4 27.
Nxd4 Bg4 28. Qd3 Nf6 29. f3 c5 30. Qc4+ Kh8 31. Nde2 Rxd1+ 32. Bxd1 Be6 33. Qh4
Qd8 34. Bc2 Bg8 35. Bg5 Re5 36. Ne4 Be7 37. Nf4 Qd4+ 38. Kh1 Bf7 39. Nxf6 h6
40. Bxh6 Bxf6 41. Bg5+ Kg8 42. Bxf6 gxf6 43. g3 Qf2 44. Qh7+ Kf8 0-1

[Event "European Youth Chess Championship B18"]
[Site "Prague, Top Hotel Prague"]
[Date "2012.08.17"]
[Round "1.43"]
[White "Abbasov, Amil"]
[Black "Belsley, Alexandre"]
[Result "1-0"]
[WhiteElo "2209"]
[BlackElo "1842"]
[PlyCount "75"]
[EventDate "2012.08.17"]

1. e4 c6 2. d4 d5 3. exd5 cxd5 4. Bd3 Nc6 5. c3 Qc7 6. h3 Nf6 7. Nf3 g6 8. O-O
Bf5 9. Re1 Bxd3 10. Qxd3 Bg7 11. Ne5 O-O 12. Bf4 Qb6 13. Nd2 Rfe8 14. b3 Rad8
15. Ndf3 Ne4 16. Nxc6 bxc6 17. Ng5 e5 18. Be3 Nxg5 19. Bxg5 e4 20. Bxd8 Qxd8
21. Qe3 Qh4 22. Rad1 Bh6 23. Qe2 e3 24. Qf3 Re6 25. fxe3 Rf6 26. Qg4 Qf2+ 27.
Kh1 Bxe3 28. Re2 Qf4 29. Qxf4 Bxf4 30. Rf1 Kg7 31. Ref2 Bg5 32. Rxf6 Bxf6 33.
Kg1 Bg5 34. Kf2 f5 35. c4 Kf6 36. cxd5 cxd5 37. Re1 Kf7 38. Re5 1-0